Normal view
MARC view
- SIGNAL PROCESSING MATHEMATICS, ALGORITHMS
Entry Topical Term
001 - CONTROL NUMBER
- control field: 61430
003 - CONTROL NUMBER IDENTIFIER
- control field: NUST
005 - DATE AND TIME OF LATEST TRANSACTION
- control field: 20210628202742.0
008 - FIXED-LENGTH DATA ELEMENTS
- fixed length control field: 210628|| aca||aabn | a|a d
040 ## - CATALOGING SOURCE
- Original cataloging agency: NUST
- Transcribing agency: NUST
150 ## - HEADING--TOPICAL TERM
- Topical term or geographic name entry element: SIGNAL PROCESSING MATHEMATICS, ALGORITHMS
670 ## - SOURCE DATA FOUND
- Source citation: Work cat.: (NUST): Moon, Todd K Stirling, Wynn C 61429, Mathematical methods and algorithms for signal processing, 1991
